Countries with wild red pandas - Statistics

General Stats
  • This quiz has been taken 36 times
  • The average score is 5 of 5
Answer Stats
Answer % Correct
China
100%
India
100%
Myanmar
94%
Nepal
88%
Bhutan
85%
No matching quizzes found
Score Distribution
Percent of People with Each Score
Percentile by Number Answered
Your Score History
You have not taken this quiz